000 00312nam a2200145Ia 4500
100 _aBird / David
942 _cBK
654 _aComputer
245 _aToken Ring Network Design
260 _bAddison Wesley Pub
_aWokingham
_c1994
082 _a4.68
_bBIR
300 _a220
546 _aENGLISH
999 _c27651
_d27651